000 00236 a2200109 4500
001 194983
040 _cMagnum
240 1 0 _aChapeuzinhos coloridos
_lpor
245 1 0 _aChapeuzinhos coloridos
697 _aLITERATURA INFANTO
942 _cBK
999 _c194983
_d194983